MARC

LEADER 00000nab a2200000 a 4500
001 vtls000105603
003 SK-MaSNL
005 20260305023307.0
008 160202c1981 xo 0 slo
015 |a SNBRB19rr/mm-uuuuu 
035 |a CL0115706 
040 |a SNKBUCL  |b slo  |c SNKBUCL  |e AACR2 
041 0 |a slo 
044 |a xo  |c SK 
080 |a 82.09:885.0-3(048)  |2 1981 
080 |a 885.0-3(048)  |2 1981 
100 1 |a Hujík, Viktor,  |d 1940-2006  |4 aut  |9 264739 
245 1 0 |a Recenzujeme knihu  |c Viktor Hujík ; Jaroslav Hašek 
650 0 7 |a humoristické poviedky  |2 snkbucl  |9 74226 
650 0 7 |a humoresky  |2 snkbucl  |9 73390 
650 0 7 |a poviedky satirické  |2 snkbucl  |9 893880 
655 7 |a články z novín a časopisov  |2 snkbucl  |9 267496 
655 7 |a články z odboru literárna veda a krásna literatúra  |2 snkbucl  |9 770045 
700 1 |a Hašek, Jaroslav,  |d 1883-1923  |4 aut  |9 98754 
773 0 |t Roľnícke noviny  |g Roč. 36, č. 242 (1981), s. 4 
787 0 8 |i Rec.:  |a Hašek, Jaroslav  |t Ovca v žinčici  |d Bratislava : Slovenský spisovateľ, 1981 
850 |a Slovenská národná knižnica v Martine  |a MTA001 
852 |a SNK  |b KIS3GCP 
958 |a RK 
958 |a CZ 
958 |a LX 
958 |a SK 
992 |a RBX 
999 |c 3295628  |d 3297558